{"text_format":"3","workbook":"xlsx","n_sheets":1,"sheets":["控制价"],"read":"whole","date_system":"1900"}

{"sheet":"控制价","index":0,"n_rows":51,"n_cols":8,"rows_kept":51,"merged":[[0,0,0,7],[1,0,1,7],[50,0,50,5],[50,6,50,7]]}
["主材采购招标控制价"]
["工程名称：南昌市红谷滩区求实路口袋公园建设项目-主材"]
["序号","名称及规格","单位","数 量","含税单价（元）","税率","含税总价\n（元）","备注"]
[1,"HRB400钢筋 φ10","kg",1420.86,3.83,{"v":0.13,"d":"13%"},{"$f":"ROUND(D4*E4,2)","v":5441.89},"道路工程/栏杆"]
[2,"塑木地板","m2",16.88,146,{"v":0.13,"d":"13%"},{"$f":"ROUND(D5*E5,2)","v":2464.48},"休闲广场"]
[3,"600x400x50厚荔枝面芝麻白花岗岩","m2",100.43,83,{"v":0.13,"d":"13%"},8335.69,"休闲广场"]
[4,"600x300x30厚荔枝面芝麻白花岗岩","m2",9.63,83,{"v":0.13,"d":"13%"},799.29,"休闲广场"]
[5,"烧面芝麻白花岗岩路缘石600*120*100","m",489.51,78,{"v":0.13,"d":"13%"},38181.78,"道路工程"]
[6,"玻璃纤维网格布（耐碱）5mm","m2",318.57,4.5,{"v":0.13,"d":"13%"},1433.57,"涵洞刷漆"]
[7,"高级丙烯酸外墙涂料 无光","kg",98.28,29,{"v":0.13,"d":"13%"},2850.12,"涵洞刷漆"]
[8,"防水涂料 JS","kg",237.61,6.24,{"v":0.13,"d":"13%"},1482.69,"涵洞刷漆"]
[9,"3MM厚白色热熔器喷涂标记","组",6,55,{"v":0.13,"d":"13%"},330,"标记"]
[10,"景观配电箱AL-01","台",1,{"$f":"4000*0.8","v":3200},{"v":0.13,"d":"13%"},3200,"照明系统"]
[11,"YJV-0.6/1KV-3*4mm2","m",1171.05,12.64,{"v":0.13,"d":"13%"},14802.07,"照明系统"]
[12,"PVC管DN25","m",1191.29,3.32,{"v":0.13,"d":"13%"},3955.08,"照明系统"]
[13,"PPR管DN50","m",257.79,29.83,{"v":0.13,"d":"13%"},7689.88,"给水系统"]
[14,"PPR管DN40","m",412.09,18.57,{"v":0.13,"d":"13%"},7652.51,"给水系统"]
[15,"PPR管DN32","m",224.68,9.2,{"v":0.13,"d":"13%"},2067.06,"给水系统"]
[16,"墙/柱灯220V  14W","套",16.16,330,{"v":0.13,"d":"13%"},5332.8,"照明系统"]
[17,"庭院灯60W  H=4m","套",14.14,1100,{"v":0.13,"d":"13%"},15554,"照明系统"]
[18,"一级导视牌","组",1,2754,{"v":0.13,"d":"13%"},2754]
[19,"二级导视牌","组",1,2380,{"v":0.13,"d":"13%"},2380]
[20,"垃圾桶","组",3,680,{"v":0.13,"d":"13%"},2040]
[21,"太极揉推器","组",1,1366,{"v":0.13,"d":"13%"},1366]
[22,"三位扭腰器","组",1,1024,{"v":0.13,"d":"13%"},1024]
[23,"双位漫步机","组",1,1366,{"v":0.13,"d":"13%"},1366]
[24,"单人椭圆漫步机","组",1,1024,{"v":0.13,"d":"13%"},1024]
[25,"双人跷跷板","组",1,660,{"v":0.13,"d":"13%"},660]
[26,"腹肌板训练器","组",1,1100,{"v":0.13,"d":"13%"},1100]
[27,"水深危险警示牌","组",4,626,{"v":0.13,"d":"13%"},2504]
[28,"杉木桩","m3",24.75,1430,{"v":0.13,"d":"13%"},35392.5]
[29,"护栏成品定制（含预埋件）","m",45.8,320,{"v":0.13,"d":"13%"},14656]
[30,"碎石(综合)","m3",{"$f":"ROUND(189.76+0.326,2)","v":190.09},120,{"v":0.03,"d":"3%"},22810.8]
[31,"中粗砂","m3",{"$f":"170.42+3.91+0.47","v":174.8},142,{"v":0.03,"d":"3%"},24821.6,"照明系统/涵洞刷漆"]
[32,"标准砖 240×115×53","千块",3.98,395,{"v":0.03,"d":"3%"},1572.1,"照明系统"]
[33,"非粘土普通砖 240×115×53","千块",8.99,395,{"v":0.03,"d":"3%"},3551.05,"休闲广场"]
[34,"预拌混凝土 C15","m3",29.05,365,{"v":0.03,"d":"3%"},10603.25,"路缘石"]
[35,"预拌混凝土 C20","m3",37.25,377,{"v":0.03,"d":"3%"},14043.25,"休闲广场"]
[36,"透水混凝土 C25","m3",{"v":52.8,"d":"52.80"},686,{"v":0.03,"d":"3%"},36220.8,"道路工程"]
[37,"彩色透水混凝土 C25","m3",{"v":30.1,"d":"30.10"},855,{"v":0.03,"d":"3%"},25735.5,"道路工程"]
[38,"预拌混凝土 C25","m3",24.81,394,{"v":0.03,"d":"3%"},9775.14,"道路工程"]
[39,"卵石","m3",1133.12,74,{"v":0.03,"d":"3%"},83850.88,"铺种草皮"]
[40,"荷花 H60 P50","盆",688,11,{"v":0.09,"d":"9%"},7568,"园林绿化"]
[41,"千屈菜 H40-50 P30-35","株",300,0.92,{"v":0.09,"d":"9%"},276,"园林绿化"]
[42,"梭鱼草 H40-50 P30-35","株",1000,0.55,{"v":0.09,"d":"9%"},550,"园林绿化"]
[43,"风车草 H40-50 P30-35","株",1100,1.2,{"v":0.09,"d":"9%"},1320,"园林绿化"]
[44,"水生美人蕉 H40-50 P30-35","株",1225,1,{"v":0.09,"d":"9%"},1225,"园林绿化"]
[45,"再力花 H80-90 P70-80","株",140,1.3,{"v":0.09,"d":"9%"},182,"园林绿化"]
[46,"草籽","kg",212.46,33,{"v":0.09,"d":"9%"},7011.18,"园林绿化"]
[47,"园林绿化 种植土回填","m3",2832.8,27.68,{"v":0.09,"d":"9%"},78411.9,"园林绿化"]
["合计（元）：",{"$nulls":5},{"$f":"SUM(G4:G50)","v":517367.86}]